Bihar tenantry, 1783-1833. (Record no. 84277)

MARC details
000 -LEADER
fixed length control field 00791cam a2200253 4500
001 - CONTROL NUMBER
control field sa 68012051
003 - CONTROL NUMBER IDENTIFIER
control field DLC
005 - DATE AND TIME OF LATEST TRANSACTION
control field 20260227112606.0
008 - FIXED-LENGTH DATA ELEMENTS--GENERAL INFORMATION
fixed length control field 691110s1968 ii b 001 0 eng
010 ## - LIBRARY OF CONGRESS CONTROL NUMBER
LC control number sa 68012051
025 ## - OVERSEAS ACQUISITION NUMBER
Overseas acquisition number PL480:I-E-10669
040 ## - CATALOGING SOURCE
Original cataloging agency DLC
Transcribing agency DLC
Modifying agency DLC
050 00 - LIBRARY OF CONGRESS CALL NUMBER
Classification number HJ4387.B5
Item number S5
082 00 - DEWEY DECIMAL CLASSIFICATION NUMBER
Classification number 333.5/3/095412
100 1# - MAIN ENTRY--PERSONAL NAME
Personal name Sinha, Ram Narain.
245 10 - TITLE STATEMENT
Title Bihar tenantry, 1783-1833.
260 ## - PUBLICATION, DISTRIBUTION, ETC.
Place of publication, distribution, etc. Bombay,
Name of publisher, distributor, etc. People's Pub. House
Date of publication, distribution, etc. [1968]
300 ## - PHYSICAL DESCRIPTION
Extent x, 190 p.
Dimensions 22 cm.
350 ## - PRICE (NR) (BK AM CF MU VM SE) [OBSOLETE]
Price 20.00
500 ## - GENERAL NOTE
General note "Thesis ... approved for the award of the degree of Ph.D. in the University of Bihar in March, 1966."
504 ## - BIBLIOGRAPHY, ETC. NOTE
Bibliography, etc. note Bibliography: p. [180]-186.
650 #0 - SUBJECT ADDED ENTRY--TOPICAL TERM
Topical term or geographic name entry element Land value taxation
Geographic subdivision India
-- Bihar
General subdivision History.
650 #0 - SUBJECT ADDED ENTRY--TOPICAL TERM
Topical term or geographic name entry element Land tenure
Geographic subdivision India
-- Bihar
General subdivision History.

No items available.

Powered by Koha